Language Quiz

Random Language or Letter Quiz

Words By Last Four Letters Quiz Stats

 Plays Quiz Updated Mar 10, 2020

Support Sporcle.
Go Orange.
Score 0/60 Timer 12:00
3 Plays Today
Last Four Letters Word % Correct
bidolibido
80.2%
digmparadigm
80.2%
snipparsnip
76.4%
zebogazebo
75.2%
pictdepict
73.6%
hovyanchovy
71.5%
iocyidiocy
68.8%
serkberserk
68.6%
ereostereo
67.6%
viarcaviar
67%
xedotuxedo
66.6%
hecyprophecy
65.1%
gimeregime
63.5%
veatcaveat
61.5%
useanausea
60.2%
yeurvoyeur
59.5%
thomfathom
57.5%
arobcarob
56.5%
erptexcerpt
55.2%
hliadahlia
55%
nzeechimpanzee
52.3%
lgamamalgam
52.2%
luscmollusc
51.9%
psumgypsum
48.9%
netomagneto
48.4%
lpelscalpel
45.4%
bagarutabaga
43.9%
uinilinguini
43.9%
frassassafras
43.7%
spicaspic
43.3%
Last Four Letters Word % Correct
hystamethyst
43.2%
lcetdulcet
42.1%
llaxparallax
40.5%
guorlanguor
39.7%
ifixcrucifix
39.7%
lysmcataclysm
39.2%
keinskein
37.7%
obatacrobat
33.7%
taltgestalt
33.6%
asarquasar
33.5%
sfixtransfix
32.7%
iginorigin
32.1%
onseresponse
31.5%
ervoservo
31.5%
enirsouvenir
27.9%
urthfourth
27%
umnycalumny
26.9%
trarregistrar
24.5%
vurabravura
24.3%
yunepicayune
24%
ogolgoogol
22%
blumpablum
19.3%
furecoiffure
14.5%
ngeahydrangea
13.8%
oiacparanoiac
13.2%
inuocontinuo
12.4%
cunxquincunx
9.3%
rceedivorcee
9%
vacevivace
8.8%
nuncquidnunc
6.7%

You're not logged in!

Compare scores with friends on all Sporcle quizzes.
OR
Log In

From the Vault

Ends in 'LL' (A-Z)

by SporcleEXP

Today's letter of the day is L... And the other 25 letters.
Remove Ads.
Support Sporcle.
Get the best of Sporcle when you Go Orange. This ad-free experience offers more features, more stats, and more fun while also helping to support Sporcle. Thank you for becoming a member.

Show Comments

Extras

Top Quizzes Today


Score Distribution

Your Account Isn't Verified!

In order to create a playlist on Sporcle, you need to verify the email address you used during registration. Go to your Sporcle Settings to finish the process.

Report this User

Report this user for behavior that violates our Community Guidelines.

Details: